000 00287nam a2200133Ia 4500
100 _aRichharia/M
942 _cBK
654 _amobile
245 _aMobile Satellite communications
260 _bPearson Education
_c2001
082 _a621.382
_bRIC
300 _a560
546 _aENGLISH
999 _c28415
_d28415